000 00904nam a2200253 i 4500
003 DO-SdBNP
005 20260219105724.0
007 ta
008 240830s2024 dr 000 0 spa d
040 _aDO-SdBNP
_bspa
_cBNPHU
_erda
082 4 _a378.7293
_bU588s, 2024
_222
110 2 _aUniversidad Católica de Santo Domingo
_91476
245 1 0 _aNonagésima tercera graduación ordinaria :
_bAuditórium Monseñor Amancio Escapada de Casa San Pablo 31 de mayo del 2024
264 _aSanto Domingo :
_bUniversidad Católica Santo Domingo,
_c2024.
300 _a27 páginas
_c21 cm.
336 _2rdacontent
_atexto
_btxt
337 _2rdamedia
_asin mediación
_bn
338 _2rdacarrier
_avolumen
_bnc
590 _aInventariado, 2024/ YL
650 4 _aUniversidades
_zRepública Dominicana
_9729
650 0 _aEducación superior
_zRepública Dominicana
_9730
910 _aYLockward
942 _2ddc
_cLF2
999 _c57595
_d57595